• 首页
  • 本馆介绍
  • 公告通知
  • 最新文献
  • 馆藏检索
  • 电子资源
  • 读者导购
  • 参考咨询
  • 我的图书馆
  • 登录
  • 详细信息显示
  • 放入我的书架
  • 预约/预借图书
  • 作者相关作品
  • 分类相关作品
  • 丛书相关作品
  • 出版社相关作品

书目信息

  • 表格格式
  • 工作单格式
  • 卡片格式
题名:
秦末汉初那些事儿
    
 
作者: 姜正成 编著
分册:  
出版信息: 北京   中国社会出版社  2012
页数: 240页
开本: 24cm
丛书名: 改朝换代那些事儿丛书
单 册:
中图分类: K232.09
科图分类:
主题词: 中国历史 , 中国历史--秦汉时代--通俗读物
电子资源:
ISBN: 978-7-5087-4019-5
000 00798nam0 22002531 450
001 2362946633
005 20231120202242.56
010    @a978-7-5087-4019-5@dCNY49.80
100    @a20120716d2012 em y0chiy50 ea
101 0  @achi
102    @aCN@b110000
105    @aa z 000yy
200 1  @a秦末汉初那些事儿@9qin mo han chu na xie shi er@f姜正成编著
210    @a北京@c中国社会出版社@d2012
215    @a240页@c图@d24cm
225 1  @a改朝换代那些事儿丛书
330    @a本书将秦末汉初所发生的重大事件都做了详细的描述,包括史学家的评论及重要的文献论证。
461  0 @12001 @a改朝换代那些事儿丛书
606 0  @a中国历史
606 0  @a中国历史@z秦汉时代@j通俗读物
690    @aK232.09@v5
701  0 @a姜正成@9jiang zheng cheng@4编著
801  0 @aCN@b91MARC@c20130904
905    @aBZT@dK232.09@e10
    
    秦末汉初那些事儿/姜正成编著.-北京:中国社会出版社,2012
    240页:图;24cm.-(改朝换代那些事儿丛书)
    
    
    ISBN 978-7-5087-4019-5:CNY49.80
    本书将秦末汉初所发生的重大事件都做了详细的描述,包括史学家的评论及重要的文献论证。
●
相关链接 在五车中查询图书 在当当中查询图书 在豆瓣中查询图书


正题名:秦末汉初那些事儿     索取号:K232.09/10         预约/预借

序号 登录号 条形码 馆藏地/架位号 状态 备注
1 2000976948   2000976948   中教第一批/山东中教(第二书库)/208/ [索取号:K232.09/10] 在馆    
2 2000976949   2000976949   中教第一批/山东中教(第二书库)/208/ [索取号:K232.09/10] 在馆    
3 2000976950   2000976950   中教第一批/山东中教(第二书库)/208/ [索取号:K232.09/10] 在馆    
4 2000976951   2000976951   中教第一批/山东中教(第二书库)/208/ [索取号:K232.09/10] 在馆    
5 2000976952   2000976952   中教第一批/山东中教(第二书库)/208/ [索取号:K232.09/10] 在馆    
6 2000976953   2000976953   中教第一批/山东中教(第二书库)/208/ [索取号:K232.09/10] 在馆    
山东省滨州职业学院图书馆 欢迎您!
大连网信软件有限公司© 版权所有